Problems of economic and political transformation in the Balkans
Saved in:
| Other Authors: | |
|---|---|
| Format: | Book |
| Language: | English |
| Published: |
London :
Pinter Publishers,
c1996
|
| Subjects: | |
| Tags: |
Add Tag
No Tags, Be the first to tag this record!
|
MARC
| LEADER | 00000nam a2200000 i 4500 | ||
|---|---|---|---|
| 001 | 1/83201 | ||
| 008 | 990528s1996 eng d | ||
| 020 | |a 1-85567-319-3 | ||
| 035 | |l 10051289 | ||
| 040 | |a GR-MY-UA |b gre |e aacr | ||
| 041 | 0 | |a eng | |
| 082 | 0 | |a 330.9496 | |
| 245 | 1 | 0 | |a Problems of economic and political transformation in the Balkans / |c edited by Ian Jeffries |
| 260 | |a London : |b Pinter Publishers, |c c1996 | ||
| 300 | |a 199 p. | ||
| 504 | |a Includes bibliographical references | ||
| 651 | 0 | |a Balkan Peninsula |x Economic conditions. | |
| 651 | 0 | |a Balkan Peninsula |x Politics and government |y 1989- | |
| 700 | 1 | |a Jeffries, Ian. |4 edt | |
| 852 | |a INST |b LESVOS |e 19990528 |h 330.9496 PRO |p 005100020050 |q 005100020050 |t BK |y 0 | ||
| 901 | |a BIBL1-1999-2 | ||
| 909 | |a Λ |b 062667 | ||
| 922 | |a 1ΕΛΗ |b 199812 |c ΚΠΣ/ΤΓ |d LEADER | ||
| 950 | |a 118-1998-10-19 | ||
| 970 | |a ΤΖΑΦΕΡΗ |b ΕΥΑΓΓΕΛΙΑ |z 1999/06/28 | ||